Fire and Fury : (Record no. 22153)

MARC details
000 -LEADER
fixed length control field 00566nam a22002057a 4500
003 - CONTROL NUMBER IDENTIFIER
control field IBSLLIB
005 - DATE AND TIME OF LATEST TRANSACTION
control field 20260515102444.0
008 - FIXED-LENGTH DATA ELEMENTS--GENERAL INFORMATION
fixed length control field 260515b |||||||| |||| 00| 0 eng d
020 ## - INTERNATIONAL STANDARD BOOK NUMBER
International Standard Book Number 9781408711392
040 ## - CATALOGING SOURCE
Original cataloging agency IBSLLIB
Language of cataloging English
041 ## - LANGUAGE CODE
Language code of original Eng
082 ## - DEWEY DECIMAL CLASSIFICATION NUMBER
Classification number 973.9
Item number WOL
100 ## - MAIN ENTRY--PERSONAL NAME
Personal name Wolff , Michael
245 ## - TITLE STATEMENT
Title Fire and Fury :
Remainder of title Inside The Trump White House
260 ## - PUBLICATION, DISTRIBUTION, ETC. (IMPRINT)
Place of publication, distribution, etc. London :
Name of publisher, distributor, etc. Little Brown ,
Date of publication, distribution, etc. 2018
300 ## - PHYSICAL DESCRIPTION
Extent 321 p ;
Dimensions 24 cm
653 ## - INDEX TERM--UNCONTROLLED
Uncontrolled term History, Geography and auxiliary desciplines
653 ## - INDEX TERM--UNCONTROLLED
Uncontrolled term History of north america
942 ## - ADDED ENTRY ELEMENTS (KOHA)
Koha item type Lending Book
Holdings
Withdrawn status Lost status Damaged status Not for loan Collection code Permanent Location Current Location Shelving location Date acquired Source of acquisition Inventory number Full call number Barcode Koha item type
        Lending Collection IBSL Library IBSL Library Lending Section 30/04/2026 Donation 10870 973.9 WOL 10870 Lending Book
Copyright © 2024 IBSL Library, All rights reserved.
mail to: library@ibsl.lk | Contact: 0112425735 | Library Address: IBSL Library, 80A, Elvitigala Mawatha, Colombo 008